000 00278 a2200145 4500
001 194881
040 _cMagnum
100 _aJANE, Prado
240 1 0 _aBela Flor
_lpor
245 1 0 _aBela Flor
300 _a9
362 0 _a2020
697 _aLITERATURA INFANTIL
942 _cBK
999 _c194881
_d194881